000 00617npc a2200217Ia 4500
001 dg33-1728 [d000001785]
003 IT-MiCISF
008 161014s9999||||xx | und||
040 _aIT-MiCISF
_cIT-MiCISF
041 _ait
100 _aDi Blasio Paola
245 0 _aIl minore testimone nel processo
250 _a1a ed.
260 _a Milano
_bCentro per il bambino maltrattato e la cura della crisi familiare
_c1992
300 _app. 31
500 _a / abuso-di-minore, diritto /
650 _amaltrattamenti-violenza
700 _aCamisasca Elena
942 _cDD
957 _71
999 _a1728
_bsi
_g1
_c207633
_d207633